| 000 -LEADER |
| fixed length control field |
01541nam a22003257a 4500 |
| 008 - FIXED-LENGTH DATA ELEMENTS--GENERAL INFORMATION |
| fixed length control field |
250528b xxu||||| |||| 00| 0 eng d |
| 040 ## - CATALOGING SOURCE |
| Original cataloging agency |
Cagayan State University |
| 082 ## - DEWEY DECIMAL CLASSIFICATION NUMBER |
| Classification number |
791.4372 |
| Item number |
G592 2021 |
| 245 ## - TITLE STATEMENT |
| Title |
Godzilla vs. kong / directed by Adam Wingard ; produced by Thomas Tull, Jon Jashni, Brian Rogers, Mary Parent, Alex Garcia, Eric McLeod ; screenplay by Eric Pearson, Max Borenstein.
|
| 260 ## - PUBLICATION, DISTRIBUTION, ETC. (IMPRINT) |
| Place of publication, distribution, etc |
United States : |
| Name of publisher, distributor, etc |
Warner Bros. Pictures, |
| Date of publication, distribution, etc |
2021. |
| 300 ## - PHYSICAL DESCRIPTION |
| Extent |
1 videofile, (ca. 113 mins.) : |
| Other physical details |
sound, color. |
| 520 ## - SUMMARY, ETC. |
| Summary, etc |
Legends collide as Godzilla and Kong, the two most powerful forces of nature, clash on the big screen in a spectacular battle for the ages. As a squadron embarks on a perilous mission into fantastic uncharted terrain, unearthing clues to the Titans' very origins and mankind's survival, a conspiracy threatens to wipe the creatures, both good and bad, from the face of the earth forever. |
| 546 ## - LANGUAGE NOTE |
| Language note |
In English subtitle. |
| 650 ## - SUBJECT ADDED ENTRY--TOPICAL TERM |
| Topical term or geographic name as entry element |
Action. |
| 650 ## - SUBJECT ADDED ENTRY--TOPICAL TERM |
| Topical term or geographic name as entry element |
Sci-Fi. |
| 650 ## - SUBJECT ADDED ENTRY--TOPICAL TERM |
| Topical term or geographic name as entry element |
Thriller. |
| 700 ## - ADDED ENTRY--PERSONAL NAME |
| Personal name |
Skarsgård, Alexander, star. |
| 700 ## - ADDED ENTRY--PERSONAL NAME |
| Personal name |
Brown, Millie Bobby, star. |
| 700 ## - ADDED ENTRY--PERSONAL NAME |
| Personal name |
Hall, Rebecca, star. |
| 700 ## - ADDED ENTRY--PERSONAL NAME |
| Personal name |
Henry, Brian Tyree, star. |
| 700 ## - ADDED ENTRY--PERSONAL NAME |
| Personal name |
Oguri, Shun, star. |
| 700 ## - ADDED ENTRY--PERSONAL NAME |
| Personal name |
González, Eiza, star. |
| 700 ## - ADDED ENTRY--PERSONAL NAME |
| Personal name |
Dennison, Julian, star. |
| 700 ## - ADDED ENTRY--PERSONAL NAME |
| Personal name |
Reddick, Lance, star. |
| 700 ## - ADDED ENTRY--PERSONAL NAME |
| Personal name |
Chandler, Kyle, star. |
| 700 ## - ADDED ENTRY--PERSONAL NAME |
| Personal name |
Bichir, Demián, star. |
| 700 ## - ADDED ENTRY--PERSONAL NAME |
| Personal name |
Seresin, Ben, cinematographer. |
| 700 ## - ADDED ENTRY--PERSONAL NAME |
| Personal name |
Schaeffer, Josh, editor. |
| 942 ## - ADDED ENTRY ELEMENTS (KOHA) |
| Source of classification or shelving scheme |
|
| Item type |
Audio-Visual Materials |